| 000 | 01609cam a2200325 4500 | ||
|---|---|---|---|
| 008 | 700105s1970 ilu 001 0 eng | ||
| 010 | _a 70141624 | ||
| 020 | _a0838930115 | ||
| 040 |
_aDLC _cDLC _dDLC |
||
| 050 | 0 | 0 |
_aZ694 _b.A5 1970 |
| 082 | 0 | 0 | _a025.3/2 |
| 092 | 0 | 4 |
_a025.32 _bA5896s 1970 _221 |
| 099 |
_a04 _a025.32 A5896s 1970 |
||
| 130 | 0 | _aAnglo-American cataloging rules (North American text) | |
| 245 | 0 | 0 |
_aAnglo-American cataloging rules. _cPrepared by the American Library Association, the Library of Congress, the Library Association, and the Canadian Library Association. North American text with supplement of additions and changes. [General editor: C. Sumner Spalding] |
| 260 |
_aChicago, _bAmerican Library Association _c[1970]. |
||
| 300 |
_axxii, 409 p. _c27 cm. |
||
| 500 | _aSupersedes the A.L.A. cataloging rules for author and title entries, and includes a revision of the Rules for descriptive cataloging in the Library of Congress. | ||
| 650 | 0 |
_aDescriptive cataloging _xRules. |
|
| 700 | 1 |
_aSpalding, C. Sumner _q(Charles Sumner), _d1912-1997, _eed. |
|
| 710 | 2 | _aAmerican Library Association. | |
| 710 | 2 |
_aAmerican Library Association. _bDivision of Cataloging and Classification. _tA.L.A. cataloging rules for author and title entries. |
|
| 710 | 2 | _aLibrary of Congress. | |
| 710 | 2 |
_aLibrary of Congress. _bDescriptive Cataloging Division. _tRules for descriptive cataloging in the Library of Congress. |
|
| 902 | _a1 | ||
| 905 |
_aGhada _eCat. |
||
| 905 |
_aJihan _eRev. |
||
| 942 |
_2ddc _cREF |
||
| 999 |
_c152079 _d152079 |
||